Normale Ansicht MARC-Ansicht ISBD

Franz Freiherr Gaudy 1827 auf der Festung Silberberg (Schlesien) / (Titelsatznr. 80705)

[ MARC ]
MARC-Details
000 -Satzkennung
Kontrollfeld mit fester Länge 00642nam a2200193 4500
008 - Feld mit fester Länge zur physischen Beschreibung - Allgemeine Angaben
Kontrollfeld mit fester Länge 210119b ||||| |||| 00| 0 eng d
040 ## - Katalogisierungsquelle
Katalogisierungssprache ger
Übertragungsstelle STAFF
Beschreibungsfestlegungen rda
Original-Katalogisierungsstelle ISIL EINTRAGEN
100 ## - Person oder Familie als 1. geistiger Schöpfer
Personenname Fouquet-Plümacher:
245 ## - Titel
Haupttitel Franz Freiherr Gaudy 1827 auf der Festung Silberberg (Schlesien) /
Verantwortlichkeitsangabe Doris Fouquet-Plümacher
300 ## - Physische Beschreibung
Umfang 31 S.
490 ## - Gesamttitelangabe
Haupttitel der Reihe/Unterreihe Frankfurter Buntbücher;
Zählung 65
600 ## - Nebeneintragung unter einem Schlagwort - Personenname
Personenname Gaudy, Franz von
Datumsangaben in Verbindung mit einem Namen (1800-1840)
650 ## - Nebeneintragung unter einem Schlagwort - Sachschlagwort
Sachschlagwort oder geografischer Name als Eintragungselement Festung Silberberg
773 ## - Übergeordnete Einheit
Ort, Verlag und Erscheinungsjahr Frankfurt (Oder): Kleist-Museum, 2020
Titel Frankfurter Buntbücher
Verknüpfungsangaben Bd. 65, S. 4-31
942 ## - Zusätzliche Felder (Koha)
Koha-Medientyp Aufsätze
Exemplare
Ausgeschieden Verloren Beschädigt Nicht entleihbar Permanenter Standort Aktueller Standort Aufstellungsort Eingabedatum Anzahl Ausleihen Signatur Letzte Aktivität Preis gültig von Medientyp
        Stadtarchiv Frankfurt (Oder) | Archivbibliothek Stadtarchiv Frankfurt (Oder) | Archivbibliothek Lesesaal 12/02/2021   FR4 ; III: 1637 12/02/2021 12/02/2021 Aufsätze